| 000 | 00515nam a2200169 i 4500 | ||
|---|---|---|---|
| 001 | 92958 | ||
| 003 | ES-MaACL | ||
| 005 | 20230906181108.0 | ||
| 007 | t| | ||
| 008 | 050406s1968 sp ||||1| spa d | ||
| 100 | 1 |
_aLodziak, Conrad. _973083 |
|
| 245 | 1 | 0 |
_aTácticas de fútbol / _cConrad Lodziak; [traducción por José Rovira Sánchez]. |
| 260 |
_aBarcelona : _bHispano-Europea, _c1968. |
||
| 300 |
_a246 p.; il. ; _c21 cm. |
||
| 700 | 1 |
_aRovira Sánchez, José. _9100155 |
|
| 852 |
_aES-MaACL _jC-34422 _bR.65260 |
||
| 999 |
_c92958 _d92958 |
||